Introductory statistics (Record no. 13)

MARC details
000 -LEADER
fixed length control field 00481 a2200205 4500
001 - CONTROL NUMBER
control field 000892
003 - CONTROL NUMBER IDENTIFIER
control field OSt
005 - DATE AND TIME OF LATEST TRANSACTION
control field 20211004105048.0
008 - FIXED-LENGTH DATA ELEMENTS--GENERAL INFORMATION
fixed length control field
020 ## - INTERNATIONAL STANDARD BOOK NUMBER
International Standard Book Number 0120885514
040 ## - CATALOGING SOURCE
Transcribing agency CURAJ
082 ## - DEWEY DECIMAL CLASSIFICATION NUMBER
Classification number 519.5
Item number R73I
100 1# - MAIN ENTRY--PERSONAL NAME
Personal name Ross, Sheldon M.
245 1# - TITLE STATEMENT
Title Introductory statistics
Statement of responsibility, etc by Sheldon M. Ross
250 ## - EDITION STATEMENT
Edition statement 3rd ed.
260 ## - PUBLICATION, DISTRIBUTION, ETC. (IMPRINT)
Place of publication, distribution, etc UK
Name of publisher, distributor, etc Elsevier
Date of publication, distribution, etc 2010
300 ## - PHYSICAL DESCRIPTION
Extent 818p.
690 ## - LOCAL SUBJECT ADDED ENTRY--TOPICAL TERM (OCLC, RLIN)
Topical term or geographic name as entry element Mathematical statistics
942 ## - ADDED ENTRY ELEMENTS (KOHA)
Source of classification or shelving scheme Dewey Decimal Classification
Koha item type Books
Holdings
Withdrawn status Lost status Source of classification or shelving scheme Damaged status Not for loan Collection code Home library Current library Date acquired Source of acquisition Cost, normal purchase price Total Checkouts Full call number Barcode Date last seen Date checked out Price effective from Koha item type
    Dewey Decimal Classification     General Text Book Central University Of Rajasthan Central University Of Rajasthan 28/09/2010 STT 3705.86 2 519.5 R73I 884 10/12/2025 21/11/2025 02/09/2020 Books